[Event "Blanes op 4th"]
[Site "Blanes"]
[Date "2024.04.27"]
[Round "2"]
[White "Otones Pacheco, Juan"]
[Black "Rodriguez Navarro, Ivan"]
[Result "0-1"]
[WhiteElo "1766"]
[BlackElo "1884"]
[PlyCount "90"]
[EventDate "2024.04.20"]
[EventType "swiss"]
[EventRounds "8"]
[EventCountry "ESP"]
[SourceTitle "EXT 2025"]
[Source "ChessBase"]
[SourceDate "2024.10.14"]
[SourceVersion "1"]
[SourceVersionDate "2024.10.14"]
[SourceQuality "1"]

1. e4 c5 2. Nf3 e6 3. d4 cxd4 4. Nxd4 Nf6 5. Nc3 Bb4 6. Bd3 e5 7. Nf3 Nc6 8. Bd2 0-0 9. 0-0 d6 10. a3 Ba5 11. b4 Bb6 12. Nd5 Ne8 13. c3 Be6 14. Ng5 h6 15. Nxe6 fxe6 16. Nxb6 Qxb6 17. Be3 Qc7 18. Bc4 Nd8 19. Qb3 Qe7 20. Rad1 Nf6 21. f3 a6 22. Rxd6 Qxd6 23. Bc5 Qc6 24. Bxf8 Kxf8 25. Rd1 Rc8 26. Be2 b5 27. Rd3 Ke7 28. Qd1 Nf7 29. Qd2 Rd8 30. Rxd8 Nxd8 31. Kf1 Nf7 32. Qe3 Nd6 33. Ke1 Nd7 34. g4 Nc4 35. Qc1 Qb6 36. Bxc4 bxc4 37. Ke2 Qd6 38. Qe3 g5 39. Qd2 Qxd2+ 40. Kxd2 Nb6 41. Kc1 Kd6 42. Kd2 Kc6 43. Kc1 Kb5 44. Kc2 Ka4 45. Kb2 Nc8 0-1

[Event "Llinars del Valles op-B 13th"]
[Site "Llinars del Valles"]
[Date "2019.05.04"]
[Round "4"]
[White "Rodriguez Navarro, Ivan"]
[Black "Rivas Garcia, Alberto"]
[Result "1/2-1/2"]
[WhiteElo "1653"]
[BlackElo "1424"]
[PlyCount "60"]
[EventDate "2019.03.30"]
[EventType "swiss"]
[EventRounds "8"]
[EventCountry "ESP"]
[SourceTitle "EXT 2020"]
[Source "ChessBase"]
[SourceDate "2019.10.17"]
[SourceVersion "1"]
[SourceVersionDate "2019.10.17"]
[SourceQuality "1"]

1. e4 c6 2. Nc3 d5 3. Nf3 dxe4 4. Nxe4 Nf6 5. Nxf6+ exf6 6. d4 Bd6 7. Bd3 0-0 8. 0-0 Re8 9. h3 Nd7 10. c3 Nf8 11. Be3 Ng6 12. Nd2 f5 13. Nc4 Bc7 14. Qf3 Qf6 15. Rae1 Be6 16. g3 Ne7 17. h4 Bd5 18. Qd1 f4 19. Bc1 Nf5 20. Rxe8+ Rxe8 21. Ne5 Bxe5 22. dxe5 Rxe5 23. Bxf4 Re8 24. Bg5 Qe6 25. b3 h6 26. Bd2 Nxh4 27. gxh4 Qh3 28. f3 Qg3+ 29. Kh1 Qh3+ 30. Kg1 Qg3+ 1/2-1/2

[Event "Llinars del Valles op-B 13th"]
[Site "Llinars del Valles"]
[Date "2019.04.06"]
[Round "2"]
[White "Rodriguez Navarro, Ivan"]
[Black "Argemi Chinchilla, Erik"]
[Result "1/2-1/2"]
[WhiteElo "1653"]
[BlackElo "1405"]
[PlyCount "64"]
[EventDate "2019.03.30"]
[EventType "swiss"]
[EventRounds "8"]
[EventCountry "ESP"]
[SourceTitle "EXT 2020"]
[Source "ChessBase"]
[SourceDate "2019.10.17"]
[SourceVersion "1"]
[SourceVersionDate "2019.10.17"]
[SourceQuality "1"]

1. e4 e5 2. Nf3 Nc6 3. Bc4 Bc5 4. c3 Nf6 5. d3 d6 6. b4 Bb6 7. a4 a6 8. 0-0 0-0 9. h3 d5 10. exd5 Nxd5 11. Re1 Re8 12. Qb3 Be6 13. Bg5 Qd7 14. Nxe5 Nxe5 15. Rxe5 c6 16. Bh4 Bc7 17. Re1 Bxh3 18. Rxe8+ Rxe8 19. Nd2 Qg4 20. Bxd5 cxd5 21. Qxd5 Qxh4 22. gxh3 Qxh3 23. Nf1 Re6 24. Qxb7 Bd6 25. Qa8+ Bf8 26. Ng3 h5 27. Qg2 Qg4 28. Ne4 Qe2 29. Qf1 Qg4+ 30. Qg2 Qe2 31. Qf1 Qg4+ 32. Qg2 Qe2 1/2-1/2

[Event "Girona-ch"]
[Site "Blanes"]
[Date "2015.??.??"]
[Round "7"]
[White "Rodriguez Navarro, Ivan"]
[Black "Gili Munoz, Daniel"]
[Result "1-0"]
[WhiteElo "1959"]
[BlackElo "1877"]
[PlyCount "129"]
[EventDate "2015.09.27"]
[EventType "swiss"]
[EventRounds "9"]
[EventCountry "ESP"]
[SourceTitle "EXT 2017"]
[Source "ChessBase"]
[SourceDate "2016.10.25"]
[SourceVersion "1"]
[SourceVersionDate "2016.10.25"]
[SourceQuality "1"]

1. e4 e5 2. Nf3 Nc6 3. Bc4 Nf6 4. Ng5 d5 5. exd5 Na5 6. Bb5+ c6 7. dxc6 bxc6 8. Be2 h6 9. Nf3 e4 10. Ne5 Bc5 11. f4 Qd4 12. Rf1 Bd6 13. c3 Qb6 14. b4 Nb7 15. Bc4 0-0 16. d4 exd3 17. Qxd3 Qc7 18. g3 Bxe5 19. fxe5 Qxe5+ 20. Qe2 Qc7 21. Bf4 Qd8 22. Qd2 Re8+ 23. Kd1 Bg4+ 24. Kc1 Qb6 25. Qf2 Qxf2 26. Rxf2 Re1+ 27. Kb2 Ne4 28. Rc2 Rd8 29. Nd2 Nxd2 30. Rxd2 Rxd2+ 31. Bxd2 Re7 32. Re1 Kf8 33. Rxe7 Kxe7 34. Be3 Nd6 35. Bc5 f6 36. Ba6 Kd7 37. Bxa7 Nb5 38. Bc5 Be6 39. Bf8 Nc7 40. Bd3 Ne8 41. Bg6 f5 42. Bxe8+ Kxe8 43. Bxg7 h5 44. a4 Kf7 45. Be5 Bc4 46. a5 Ke6 47. Bf4 Kd5 48. Kc2 Ke4 49. Kd2 Kf3 50. Bh6 Kg2 51. Ke3 Kxh2 52. Bf4 Kg2 53. Kd4 Bb5 54. Kc5 Kf3 55. Bc7 Ke4 56. a6 Bxa6 57. Kxc6 Kd3 58. b5 Bxb5+ 59. Kxb5 Kxc3 60. Kc5 Kd3 61. Kd5 Ke3 62. Ke5 Kf3 63. Kxf5 Ke3 64. Kg5 Ke4 65. Kxh5 1-0